Największe wyspy Arktyki z mapą - Statystyki

Ogólne statystyki
  • Ten quiz został rozwiązany 3 201 razy
  • Średni wynik to 4 z 24
Odpowiedzi na mapie
Odpowiedzi zakodowano w zielono-czerwonej skali na mapie do tego quizu, zgodnie z poniższymi procentami.
 
Statystyki odpowiedzi
Wyspa % Poprawnych
Grenlandia
98%
Islandia
79%
Ziemia Baffina
25%
Wyspa Wiktorii
22%
Spitsbergen
19%
Wyspa Północna
16%
Wyspa Południowa
16%
Wyspa Banksa
11%
Wyspa Ellesmere'a
10%
Devon
9%
Wyspa Księcia Walii
8%
Bolszewik
7%
Somerset
7%
Southampton
7%
Wyspa Axela Heiberga
7%
Wyspa Bathursta
7%
Wyspa Bylota
7%
Wyspa Króla Williama
7%
Wyspa Księcia Patryka
7%
Wyspa Melville'a
7%
Wyspa Rewolucji Październikowej
7%
Wyspa Ellefa Ringnesa
6%
Ziemia Północno-Wschodnia
6%
Kotielnyj
5%
Nie znaleziono quizów pasujących do podanych kryteriów
Rozkład punktacji
Procent ludzi z każdym wynikiem
Percentyl według liczby udzielonych odpowiedzi
Twoja historia wyników
Nie rozwiązałeś tego quizu